| 000 | 00460nam a2200169Ia 4500 | ||
|---|---|---|---|
| 003 | GCL | ||
| 008 | 140319s9999 xx 000 0 eng d | ||
| 040 |
_aGCL / _cGCL |
||
| 082 | 0 | 4 |
_a759.054 _bC T |
| 100 | 1 | _aCALLEN, ANTHEA | |
| 245 | 1 | 0 |
_aTECHNIQUES OF THE IMPRESSIONISTS / _cCALLEN, ANTHEA |
| 260 |
_a[S.N] : _bTIGER BOOKS INTERNATIONAL ، _c1990 |
||
| 300 | _a192 P | ||
| 650 | 0 | 4 | _aIMPRESSIONISTS |
| 650 | 0 | 4 | _aIMPRESSIONSTS TECHNIQUES |
| 942 |
_2ddc _cBK |
||
| 999 |
_c25689 _d25689 |
||